1920 1040 1925 1204 1948 1633 1320 1363 1114 1953 1574 1623 1626 1402 1979 1425 1451 1802 1128 1570 1218 1561 1952 1500 1712 1345 1793 1617 1492 1277 1563 1367 1167 1389 1174 1371 1163 1931 1856 1180 1884 1853 1494 1094 1488 1456 1073 1064 1992 1537 1413 1558 1841 1691 1920 1264 1398 1479 1587 1879 1946 1126 1156 1260 1646 1313 1707 1635 1360 1244 1198 1081 1627 1488 1135 1289 1700 1099 1608 1003 1158 1312 1188 1412 1273 1827 1166 1067 1470 1006 1922 1686 1712 1478 1145 1572 1799 1168 1831 BCNSPRNW ULIB Ver.6.0+V

เปลี่ยนเป็นภาษาไทย

Change to English
 แสดงรายละเอียดบรรณานุกรม
  กลับหน้าหลัก

Brief Record : Get Marc (ISO 2709) : E-mail record : QR code < ปิดหน้าต่าง
LEADER : 00000nam 2200000uu 4500
001    13399111866
003     ULIB
008    110711s2550||||th 000 0 tha d
020    9749507606
020    9789749507605
060 04 QV77.2^bม456ค 2550
100 0  มาโนช หล่อตระกูล
245 10 คู่มือการใช้ยาทางจิตเวช /^cมาโนช หล่อตระกูล
250    พิมพ์ครั้งที่ 4
260    กรุงเทพฯ :^bหมอชาวบ้าน,^c2550
300    172 หน้า ;^c21 ซม.
650  7 ยารักษาทางระบบประสาทและจิต
650  7 จิตเภสัชวิทยา
945    ^p150^l0^i18339
945    ^p150^l0^i18340
945    ^p150^l0^i18341
995    กัณชพร
999    ^aใช้งานได้ทุกระบบ
รายการนี้ยังไม่มีแท็ก
คุณยังไม่ได้ล็อกอิน คุณสามารถมีกิจกรรมร่วมกับเว็บไซต์ได้ แต่ต้องล็อกอินก่อน ::
  ล็อกอิน

รายการสื่อสารสนเทศ

ลำดับที่ ประเภท เลขเรียก/บาร์โค้ด สถานที่ สถานะ
- ไม่พบข้อมูล -

รายการใกล้เคียง
    ผู้แต่ง [มาโนช หล่อตระกูล]

    หัวเรื่อง [ยารักษาทางระบบประสาทและจิต]
    หัวเรื่อง [จิตเภสัชวิทยา]

BibComment


ยังไม่เคยถูกคอมเมนท์

คอมเมนท์ทรัพยากรรายการนี้
  คอมเมนท์: คู่มือการใช้ยาทาง..


 Copyright 2026. Bcnsprnw @Library